000 00329 a2200109 4500
001 ART_11287
005 20260410161855.0
008 260409a
245 1 0 _aMedición de desarrollo económico y social
100 1 _aFrediani, Ramón O.
773 0 _tRevista de Economía
_g- Nº 27 (ene./dic. 1979)
_wREV11077
999 _c25430
_d25430